书目信息 |
| 题名: |
钢筋工实训
|
|
| 作者: | 温淑桥 主编 | |
| 分册: | ||
| 出版信息: | 北京 中国水利水电出版社 2014 |
|
| 页数: | 104页 | |
| 开本: | 26cm | |
| 丛书名: | ||
| 单 册: | ||
| 中图分类: | TU755.3 | |
| 科图分类: | ||
| 主题词: | 配筋工程--中等专业学校--教材 | |
| 电子资源: | ||
| ISBN: | 978-7-5170-2747-8 | |
| 000 | 00856nam0 2200229 450 | |
| 001 | 012015000343 | |
| 005 | 20150911083620.96 | |
| 010 | @a978-7-5170-2747-8@dCNY17.00 | |
| 100 | @a20150313d2014 em y0chiy50 ea | |
| 101 | 0 | @achi |
| 102 | @aCN@b110000 | |
| 105 | @aa z 000yy | |
| 106 | @ar | |
| 200 | 1 | @a钢筋工实训@Agang jin gong shi xun@f温淑桥主编 |
| 210 | @a北京@c中国水利水电出版社@d2014 | |
| 215 | @a104页@c图@d26cm | |
| 330 | @a本教材注重结合水利工程建设行业的实际,体现了水利工程建设行业的人才需求特点。在内容编排上,以钢筋图识读、钢筋现场检查验收与管理、钢筋配料计算、钢筋代换、钢筋加工、钢筋连接、钢筋绑扎与安装、质量验收等为主线,构成了一个完整的工作过程。 | |
| 606 | 0 | @a配筋工程@x中等专业学校@j教材 |
| 690 | @aTU755.3@v5 | |
| 701 | 0 | @a温淑桥@Awen shu qiao@4主编 |
| 801 | 0 | @aCN@b碧洲教育@c20150716 |
| 905 | @a10447@f4@dTU755.3@e692 | |
| 钢筋工实训/温淑桥主编.-北京:中国水利水电出版社,2014 |
| 104页:图;26cm |
| ISBN 978-7-5170-2747-8:CNY17.00 |
| 本教材注重结合水利工程建设行业的实际,体现了水利工程建设行业的人才需求特点。在内容编排上,以钢筋图识读、钢筋现场检查验收与管理、钢筋配料计算、钢筋代换、钢筋加工、钢筋连接、钢筋绑扎与安装、质量验收等为主线,构成了一个完整的工作过程。 |
| ● |
| 相关链接 |
|
|
|
|
正题名:钢筋工实训
索取号:TU755.3/692
 
预约/预借
| 序号 | 登录号 | 条形码 | 馆藏地/架位号 | 状态 | 备注 |
| 1 | 0849671 | 208496714 | 第二样本阅览室/ [索取号:TU755.3/692] | 在馆 | |
| 2 | 0849672 | 208496723 | 第三借阅区/ [索取号:TU755.3/692] | 在馆 | |
| 3 | 0849673 | 208496732 | 第三借阅区/ [索取号:TU755.3/692] | 在馆 | |
| 4 | 0849674 | 208496741 | 第三借阅区/ [索取号:TU755.3/692] | 在馆 |